000 00851nam a2200229Ia 4500
001 5932
003 AR-BaAGN
005 20231117105630.0
007 ta
008 211213s1945 ag |||||||||||||| ||spa d
040 _dAR-BaAGN
_aAR-BaAGN
_bspa
_eaacr
100 _aCastro, Antonio P.,
_d1902-1958
_96620
245 1 0 _aTres capítulos en la vida de Urquiza :
_bbenefactor de Rosas y su familia, rinde el primer homenaje oficial a San Martín, su política internacional antes y después de Caseros
_cAntonio P. Castro
260 _aConcordia :
_bCasa Gorga,
_c1945.
300 _a35 páginas
336 _2rdacontent
_btxt
337 _2rdamedia
_bn
338 _2rdacarrier
_bnc
500 _aContiene carta de Rosas a Urquiza, fechada en Burges Street Farm, mayo 1º de 1864
600 1 4 _aUrquiza, Justo José de,
_d1801-1870
_94479
942 _cLIBRO
_2ddc
999 _c5932
_d5932